<?xml version="1.0" encoding="UTF-8"?><?xml-stylesheet type="text/xsl" href="static/style.xsl"?><OAI-PMH xmlns="http://www.openarchives.org/OAI/2.0/" xmlns:xsi="http://www.w3.org/2001/XMLSchema-instance" xsi:schemaLocation="http://www.openarchives.org/OAI/2.0/ http://www.openarchives.org/OAI/2.0/OAI-PMH.xsd"><responseDate>2026-04-13T05:45:00Z</responseDate><request verb="GetRecord" identifier="oai:www.recercat.cat:20.500.12327/2011" metadataPrefix="marc">https://recercat.cat/oai/request</request><GetRecord><record><header><identifier>oai:recercat.cat:20.500.12327/2011</identifier><datestamp>2025-10-22T11:15:33Z</datestamp><setSpec>com_2072_4428</setSpec><setSpec>com_2072_4427</setSpec><setSpec>col_2072_487898</setSpec></header><metadata><record xmlns="http://www.loc.gov/MARC21/slim" xmlns:dcterms="http://purl.org/dc/terms/" xmlns:xsi="http://www.w3.org/2001/XMLSchema-instance" xmlns:doc="http://www.lyncode.com/xoai" xsi:schemaLocation="http://www.loc.gov/MARC21/slim http://www.loc.gov/standards/marcxml/schema/MARC21slim.xsd">
   <leader>00925njm 22002777a 4500</leader>
   <datafield ind2=" " ind1=" " tag="042">
      <subfield code="a">dc</subfield>
   </datafield>
   <datafield ind2=" " ind1=" " tag="720">
      <subfield code="a">Ortega, Javier</subfield>
      <subfield code="e">author</subfield>
   </datafield>
   <datafield ind2=" " ind1=" " tag="720">
      <subfield code="a">de Juan, Lucia</subfield>
      <subfield code="e">author</subfield>
   </datafield>
   <datafield ind2=" " ind1=" " tag="720">
      <subfield code="a">Sevilla, Iker A.</subfield>
      <subfield code="e">author</subfield>
   </datafield>
   <datafield ind2=" " ind1=" " tag="720">
      <subfield code="a">Garrido, Joseba M.</subfield>
      <subfield code="e">author</subfield>
   </datafield>
   <datafield ind2=" " ind1=" " tag="720">
      <subfield code="a">Roy, Álvaro</subfield>
      <subfield code="e">author</subfield>
   </datafield>
   <datafield ind2=" " ind1=" " tag="720">
      <subfield code="a">Velasco, Carlos</subfield>
      <subfield code="e">author</subfield>
   </datafield>
   <datafield ind2=" " ind1=" " tag="720">
      <subfield code="a">Romero, Beatriz</subfield>
      <subfield code="e">author</subfield>
   </datafield>
   <datafield ind2=" " ind1=" " tag="720">
      <subfield code="a">Domínguez, Mercedes</subfield>
      <subfield code="e">author</subfield>
   </datafield>
   <datafield ind2=" " ind1=" " tag="720">
      <subfield code="a">Pérez de Val, Bernat</subfield>
      <subfield code="e">author</subfield>
   </datafield>
   <datafield ind2=" " ind1=" " tag="720">
      <subfield code="a">Nebot, Carolina</subfield>
      <subfield code="e">author</subfield>
   </datafield>
   <datafield ind2=" " ind1=" " tag="720">
      <subfield code="a">Sáez-Llorente, José Luis</subfield>
      <subfield code="e">author</subfield>
   </datafield>
   <datafield ind2=" " ind1=" " tag="720">
      <subfield code="a">Álvarez, Julio</subfield>
      <subfield code="e">author</subfield>
   </datafield>
   <datafield ind2=" " ind1=" " tag="720">
      <subfield code="a">Bezos, Javier</subfield>
      <subfield code="e">author</subfield>
   </datafield>
   <datafield ind2=" " ind1=" " tag="260">
      <subfield code="c">2022-11-10</subfield>
   </datafield>
   <datafield ind2=" " ind1=" " tag="520">
      <subfield code="a">Caprine tuberculosis (TB) is a zoonosis caused by members of the Mycobacterium tuberculosis complex (MTBC). Caprine TB eradication programmes are based mainly on intradermal tuberculin tests and slaughterhouse surveillance. Different factors may affect the performance of the TB diagnostic tests used in caprine herds and, therefore, their ability to detect infected animals. The present study evaluates the effect of the fraudulent administration of two anti-inflammatory substances, dexamethasone and ketoprofen, on the performance of the TB diagnostic techniques used in goats, as well as the suitability of high performance liquid chromatography (HPLC) for their detection in hair samples. The animals (n = 90) were distributed in three groups: (1) a group treated with dexamethasone (n = 30); a second group treated with ketoprofen (n = 30); and a third non-treated control group (n = 30). Both dexamethasone and ketoprofen groups were subjected to intramuscular inoculation with the substances 48 h after the administration of bovine and avian purified protein derivatives (PPDs), that is, 24 h before the tests were interpreted. All the animals were subjected to the single and comparative intradermal tuberculin (SIT and CIT, respectively) tests, interferon-gamma release assay (IGRA) and P22 ELISA. The number of SIT test reactors was significantly lower in the dexamethasone (p = 0.001) and ketoprofen (p &lt; 0.001) groups 72 h after the bovine PPD inoculation compared with the control group. A significantly higher number of positive reactors to IGRA was detected within the dexamethasone group (p = 0.016) 72 h after PPD administration compared to the control group. Dexamethasone and ketoprofen detection in either hair or serum samples was challenging when using HPLC since these substances were not detected in animals whose skin fold thickness (SFT) was reduced, what could be an issue if they are used for fraudulent purposes. In conclusion, the parenteral administration of dexamethasone or ketoprofen 48 h after the PPDs administration can significantly reduce the increase in SFT (mm) and subsequently the number of positive reactors to SIT test.</subfield>
   </datafield>
   <datafield ind1="8" ind2=" " tag="024">
      <subfield code="a">Ortega, Javier, Lucia de Juan, Iker A. Sevilla, Joseba M. Garrido, Álvaro Roy, Carlos Velasco, and Beatriz Romero et al. 2022. "Effect Of A Recent Parenteral Dexamethasone And Ketoprofen Administration On The Immunological Diagnosis Of Tuberculosis In Goats". Frontiers In Veterinary Science 9:1042428. doi:10.3389/fvets.2022.1042428.</subfield>
   </datafield>
   <datafield ind1="8" ind2=" " tag="024">
      <subfield code="a">2297-1769</subfield>
   </datafield>
   <datafield ind1="8" ind2=" " tag="024">
      <subfield code="a">http://hdl.handle.net/20.500.12327/2011</subfield>
   </datafield>
   <datafield ind1="8" ind2=" " tag="024">
      <subfield code="a">https://doi.org/10.3389/fvets.2022.1042428</subfield>
   </datafield>
   <datafield ind2="0" ind1="0" tag="245">
      <subfield code="a">Effect of a recent parenteral dexamethasone and ketoprofen administration on the immunological diagnosis of tuberculosis in goats</subfield>
   </datafield>
</record></metadata></record></GetRecord></OAI-PMH>